000 00772 a2200301 4500
260 _aParis
100 _aARNAUD, Paul
260 _bDunod
245 _aCours de chimie organique
300 _axxi, 521 p.
650 _a<Chimie organique-Manuel>
260 _c1993
300 _bill.en coul., fig. ; 26 cm
130 _lFr.
035 _a00308
035 _a02103
035 _a0204
035 _a11332
250 _a15e éd. ent. refondue.- 4e tir.
500 _aNotes (part. bibliographiques)
020 _a2-04-01916-8
999 _c12651
_d12651